| 000 | 01044nam a22001937a 4500 | ||
|---|---|---|---|
| 008 | 120401s2011 ua|||||d ||| f00| 0 ng d | ||
| 020 | _a9771300563 | ||
| 082 |
_222 _a320.91751 _bم ر ك |
||
| 110 |
_929508 _aمركز الدراسات السياسية والاستراتيجية |
||
| 245 |
_aالتقرير الاستراتيجي العربي 2010 / _cمركز الدراسات السياسية والاستراتيجية، مؤسسة الأهرام. |
||
| 250 | _aط. 1. | ||
| 260 |
_aالقاهرة : _bمركز الأهرام، مركز الدراسات السياسية والاستراتيجية، _c2011. |
||
| 300 |
_a551 ص. ؛ _c28 سم. |
||
| 610 |
_929509 _aمركز الدراسات السياسية والاستراتيجية _vتقارير |
||
| 651 |
_927979 _aالبلاد العربية _xسياسة وحكومة |
||
| 653 |
_bAra _cApril2012 |
||
| 942 |
_2ddc _cBB |
||
| 999 |
_c16618 _d16618 |
||